Peněžní prostředky a cenné papíry v účetnictví podnikatelů /

Hlavní autor: Strouhal, Jiří, 1980-
Jazyk: Čeština
Vydáno: Praha : Wolters Kluwer Česká republika, 2010
Vydání: Vyd. 1.
Edice: Téma (Wolters Kluwer ČR)
Témata:
Externí odkaz: Digitalizovaný dokument
Fyzický popis: 260 s. : il. ; 24 cm
Knihy
Uloženo v:
LEADER 02144nam a2200565 a 4500
001 nkc20102119072
003 CZ PrNK
005 20121205135523.0
007 ta
008 100803s2010 xr a f 001 0 cze
015 |a cnb002119072 
020 |a 978-80-7357-557-1  |q (váz.) :  |c Kč 295,00 
035 |a (OCoLC)681494537 
040 |a ABA001  |b cze  |d BOA001 
043 |a e-xr--- 
072 7 |a 657  |x Účetnictví  |2 Konspekt  |9 4 
080 |a 336.763  |2 MRF 
080 |a 657  |2 MRF 
080 |a 657:006.3  |2 MRF 
080 |a 657:006.322  |2 MRF 
080 |a (437.3)  |2 MRF 
080 |a (048.8)  |2 MRF 
100 1 |a Strouhal, Jiří,  |d 1980-  |7 mzk2005300655  |4 aut 
245 1 0 |a Peněžní prostředky a cenné papíry v účetnictví podnikatelů /  |c Jiří Strouhal 
250 |a Vyd. 1. 
260 |a Praha :  |b Wolters Kluwer Česká republika,  |c 2010 
300 |a 260 s. :  |b il. ;  |c 24 cm 
490 1 |a Téma 
500 |a Právní stav pub. k 1.8.2010 
500 |a Česko-anglický terminologický slovník 
504 |a Obsahuje bibliografii, bibliografické odkazy a rejstřík 
650 0 7 |a cenné papíry  |7 ph119099  |z Česko  |2 czenas 
650 0 7 |a účetnictví  |7 ph116911  |z Česko  |2 czenas 
650 0 7 |a účetní standardy  |7 ph231089  |z Česko  |2 czenas 
650 0 7 |a mezinárodní účetní standardy  |7 ph231090  |2 czenas 
650 0 9 |a securities  |z Czechia  |2 eczenas 
650 0 9 |a accounting  |z Czechia  |2 eczenas 
650 0 9 |a accounting standards  |z Czechia  |2 eczenas 
650 0 9 |a international accounting standards  |2 eczenas 
655 7 |a monografie  |7 fd132842  |2 czenas 
655 9 |a monographs  |2 eczenas 
830 0 |a Téma (Wolters Kluwer ČR)  |0 s 
856 4 1 |u http://www.digitalniknihovna.cz/mzk/uuid/uuid:714eaed0-80d9-11e7-b92d-005056827e51  |y Digitalizovaný dokument  |x NDK 
910 2 |a BOA001  |b 2-1248.753 
928 9 |a Wolters Kluwer ČR 
990 |a BK 
995 |a 01 
991 |b 201009  |c NOV  |j 657 STR  |e n 
996 6 |b 2610447391  |c 2-1248.753  |l MZK  |r HSS 4p  |n 0  |p p.v.  |h 657 STR  |w 001142282  |u 000010  |a 0  |e BOA001  |j MZK50  |s P 
996 6 |b 2610533188  |c 2-1248.753  |l MZK  |r Sklad / do 1 hodiny  |n 10  |p kup  |w 001142282  |u 000020  |a 1  |e BOA001  |j MZK50  |s P